000 00329 a2200145 4500
001 151182
040 _cEscola São Tomás de Aquino
100 _aPÉRISSÉ, Heloisa
240 1 0 _aO diário de Tati
_lpor
245 1 0 _aO diário de Tati
300 _a126
440 1 _aObjetiva
697 _a*LITERATURA JUVENIL
942 _cBK
999 _c151182
_d151182